Ivin v Blake (Record no. 13966)

MARC details
000 -LEADER
fixed length control field 01256cab a2200205 4500
001 - CONTROL NUMBER
control field ABS51303
008 - FIXED-LENGTH DATA ELEMENTS--GENERAL INFORMATION
fixed length control field 090401t1994 xxu||||| |||| 00| 0 eng d
035 ## - SYSTEM CONTROL NUMBER
System control number (Sirsi) u20837
041 ## - LANGUAGE CODE
Language code of text/sound track or separate title eng
245 ## - TITLE STATEMENT
Title Ivin v Blake
260 ## - PUBLICATION, DISTRIBUTION, ETC.
Date of publication, distribution, etc. 1994
350 ## - PRICE (NR) (BK AM CF MU VM SE) [OBSOLETE]
Price 0
490 ## - SERIES STATEMENT
Series statement Property and Compensation Reports
Volume/sequential designation (1994) 67 P&CR 263-281(19)
520 ## - SUMMARY, ETC.
Summary, etc. CA 25 May 1993. Appeal against a county court decision in favour of B who claimed he was sole legal and beneficial owner of a property. Briefly, a mother, daughter and son purchased a house to live in. The purchase was in the son`s name, but the mother made all payments involved. On the mother`s death, her will appointed the son as executor, who claimed he was the sole legal and beneficial owner. The daughter appealed, CA held, dismissing the appeal against the order made on the daughter`s claim, but allowing the appeal against the order made on the son`s counterclaim: the mother`s beneficial interest survived her death, and the son held the legal title subject to that interest: - for himself and his two sisters as tenants in common in equal shares.
650 ## - SUBJECT ADDED ENTRY--TOPICAL TERM
Topical term or geographic name entry element BENEFICIAL INTEREST
650 ## - SUBJECT ADDED ENTRY--TOPICAL TERM
Topical term or geographic name entry element TRUST
690 ## - LOCAL SUBJECT ADDED ENTRY--TOPICAL TERM (OCLC, RLIN)
Topical term or geographic name as entry element PROPERTY LAW AND PRACTICE-CASE LAW
942 ## - ADDED ENTRY ELEMENTS (KOHA)
Suppress in OPAC 0
948 ## - LOCAL PROCESSING INFORMATION (OCLC); SERIES PART DESIGNATOR (RLIN)
c (OCLC) 04/03/1997
Holdings
Withdrawn status Lost status Source of classification or shelving scheme Damaged status Not for loan Home library Current library Shelving location Date acquired Total Checkouts Full call number Barcode Date last seen Copy number Price effective from Koha item type
    Dewey Decimal Classification     London London Journal article 14/09/1999   ABS51303 20837-1001 06/08/2019 1 06/08/2019 Law report